000 00472nam a22001697a 4500
005 20251108173052.0
008 250721s9999 xx 000 0 ara d
082 1 4 _aط/ق/مغا
245 1 0 _aمغامرات الكلاب /
264 1 _aحلب :
_bدار ربيع للنشر،
_c{19-}.
300 _a8ص.
650 1 7 _aادب الأطفال
650 1 7 _aالقصص
653 _aاطفال مرحله متوسطه(6-9-سنه)
942 _2ddc
_cBK
999 _c95321
_d95321